| 000 | 01078nam a2200289 i 4500 | ||
|---|---|---|---|
| 001 | 169546 | ||
| 003 | ES-MaACL | ||
| 005 | 20250827062636.0 | ||
| 008 | 081010s2008 sp |||| | spa d | ||
| 020 | _a978-84-309-4734-8 | ||
| 080 | _a347(460)"1889"(094.4) | ||
| 110 | 1 |
_aEspaña _93622 |
|
| 240 | 1 | 0 | _aCódigo civil, 1889 |
| 245 | 1 | 0 |
_aCódigo civil / _cedición preparada por José Carlos Erdozain López ; bajo la dirección de Rodrigo Bercovitz Rodríguez-Cano. |
| 250 | _a27ª ed. | ||
| 260 |
_aMadrid : _bTecnos, _c2008. |
||
| 300 |
_a889 p. ; _c17 cm. |
||
| 490 | 1 |
_aBiblioteca de textos legales ; _v1 |
|
| 500 | _aEn cub.: Edición actualizada, septiembre de 2008. | ||
| 650 | 0 | 4 |
_aDerecho civil- _zEspaña- _vLegislación _911663 |
| 700 | 1 |
_aErdozain López, José Carlos. _947376 |
|
| 700 | 1 |
_aBercovitz Rodríguez-Cano, Rodrigo. _927857 |
|
| 830 | 1 |
_aBiblioteca de textos legales ; _v1 _9177271 |
|
| 852 | 4 |
_aES-MaACL _jA-15264 _9176200 _bR.143969 _cDEPO1 _dOlim: L 347(460)"1889"ESP _dOlim: Meseton |
|
| 942 | _2udc | ||
| 999 |
_c169546 _d169546 |
||